Statistiques concernant Pays organisateurs des Coupes/Championnats du Monde en sports collectifs

Cliquez ici pour prendre le quiz!

Statistiques générales

  • Ce quiz a été pris 125 fois
  • Le résultat moyen est 88 sur 96

Statistiques - réponses

Sport Année Pays organisateur % Correct
Football1938France
100%
Football1950Brésil
100%
Football1982Espagne
100%
Football1966Angleterre
100%
Handball2023Pologne et Suède
99%
Handball2019Allemagne et Danemark
99%
Volley-ball2018Italie et Bulgarie
99%
Football1934Italie
99%
Basket-ball1974Porto Rico (Etats-Unis)
98%
Football2018Russie
98%
Rugby2003Australie
98%
Football2002Corée du Sud et Japon
98%
Rugby1995Afrique du Sud
98%
Football1994Etats-Unis
98%
Rugby1987Australie et Nouvelle-Zélande
98%
Handball1958Allemagne de l'Est
98%
Handball1938Allemagne
98%
Volley-ball1952Union soviétique
98%
Handball1952Suède
98%
Handball1961Allemagne de l'Ouest
98%
Handball1997Japon
97%
Football1970Mexique
96%
Basket-ball1950Argentine
96%
Football1930Uruguay
96%
Basket-ball1994Canada
94%
Rugby2011Nouvelle-Zélande
93%
Football1954Suisse
93%
Handball2015Qatar
92%
Basket-ball2019Chine
89%
Handball2003Portugal
88%
Basket-ball1970Yougoslavie
87%
Volley-ball2014Pologne
87%
Basket-ball1959Chili
83%
Volley-ball1994Grèce
83%
Volley-ball1949Tchécoslovaquie
82%
Handball1978Danemark
81%
Handball2009Croatie
78%
Rugby1999Pays de Galles
76%
Basket-ball2010Turquie
73%
Basket-ball1982Colombie
66%
Handball1999Egypte
64%
Handball1995Islande
57%
Volley-ball1970Bulgarie
51%
Handball2005Tunisie
44%
Basket-ball1978Philippines
22%

Distribution des résultats

Percentile par nombre de réponses

% des personnes avec chaque résultat

Votre développement - résultats

Vous n’avez pas pris ce quiz